000
00262nam a2200097Ia 4500
008
240331s9999 xx 000 0 und d
082
_b
NEW
100
_a
Showalter, E. ed
245
4
_a
The new feminist criticism :
_b
essays on women, literature and theory
942
_c
L
999
_c
1760
_d
1760